Statistics for North Carolina Counties by Interstate Intersection

Click here to take the quiz!

General Stats

  • This quiz has been taken 39 times
  • The average score is 43 of 60

Answer Stats

HintAnswer% Correct
I-40Wake
89%
I-87Wake
89%
I-85Mecklenburg
86%
I-77Mecklenburg
86%
I-40Durham
82%
I-85Durham
82%
I-85Gaston
82%
I-85Guilford
82%
I-74Guilford
82%
I-40Guilford
82%
I-73Guilford
82%
I-95Nash
79%
I-95Northampton
79%
I-74Surry
79%
I-77Surry
79%
I-85Alamance
75%
I-40Alamance
75%
I-26Buncombe
75%
I-40Buncombe
75%
I-74Forsyth
75%
I-40Forsyth
75%
I-40Iredell
75%
I-77Iredell
75%
I-40Orange
75%
I-85Orange
75%
I-74Robeson
75%
I-95Robeson
75%
I-77Yadkin
75%
I-85Cabarrus
71%
I-40Catawba
71%
I-85Davidson
71%
I-40Davie
71%
I-95Johnston
71%
I-40Johnston
71%
I-40Burke
68%
I-95Halifax
68%
I-26Henderson
68%
I-85Rowan
68%
I-85Cleveland
64%
I-95Cumberland
64%
I-40Duplin
64%
I-40Haywood
64%
I-40McDowell
64%
I-40New Hanover
64%
I-26Polk
64%
I-85Randolph
64%
I-73Randolph
64%
I-74Randolph
64%
I-95Wilson
64%
I-85Granville
61%
I-95Harnett
61%
I-74Richmond
61%
I-73Rockingham
61%
I-40Sampson
61%
I-85Vance
61%
I-26Madison
57%
I-74Scotland
57%
I-85Warren
57%
I-74Montgomery
54%
I-40Pender
54%

Score Distribution

Percentile by Number Answered

Percent of People with Each Score

Your Score History

You have not taken this quiz